Представление документа в формате RUSMARC

ПолеНазваниеЗначение
  Тип записи a
  Библиографический уровень m
001 Контрольный номер UONB/MAIN/af7416a538534a1abd0ee28251ce9161
005 Дата корректировки 20260217180347.2
010 Индекс ISBN __
b Уточнения в пер.
d Цена 2 р. 55 к.
9 Тираж 10000 экз.
100 Данные общей обработки __
a Данные общей обработки 20260217d1968 u y0rusy0189 ca
101 Язык документа 0_
a Язык текста rus
102 Страна публикации __
a Страна публикации RU
105 Кодированные данные (монография) __
a Кодированные данные (монография) a z 001yy
200 Заглавие и сведения об ответственности 1_
a Заглавие Введение в медицинскую генетику
f Первые сведения об ответственности В. П. Эфроимсон
203 Вид содержания и тип средства __
a Вид содержания Текст
b Характеристика содержания визуальный
c Тип средства непосредственный
205 Сведения об издании __
a Основные сведения об издании 2-е изд., доп. и перераб.
210 Выходные данные 1_
a Место издания Москва
c Издательство Медицина
d Дата издания 1968
215 Физическое описание __
a Объем 395 с.
c Иллюстрации/тип воспроизводства ил., карт.
d Формат 27 см
320 Библиография __
a Библиография Библиогр. в конце гл.
606 Тематические рубрики 0_
a Основная рубрика Генетика медицинская
610 Ключевые слова 0_
a Ключевые слова генетика медицинская; роль наследственности в патологии; медицинская генетика; антропогенетика
686 Индексы других классификаций __
a Классификационный индекс 52.522.15
2 Код системы rubbk
700 Автор _1
a Фамилия Эфроимсон
b Имя (инициалы) В. П.
g Полное личное имя Владимир Павлович
801 Источник записи _0
a Страна RU
b Организация Ульяновская ОНБ
c Дата составления 20260217
g Правила каталогизации RCR
801 Источник записи _1
a Страна RU
b Организация Ульяновская ОНБ
c Дата составления 20260217
g Правила каталогизации RCR
901 Тип документа __
t Тип документа m
909 Создатель записи __
a Создатель записи Батталова
b Дата создания записи 20260217